Statistics for Countries with An on Their Name

Click here to take the quiz!

General Stats

  • This quiz has been taken 32 times
    (9 since last reset)
  • The average score is 32 of 57

Answer Stats

HintAnswer% Correct
CountryGhana
88%
CountryIceland
88%
CountryIreland
88%
CountryJapan
88%
CountryAzerbaijan
75%
CountryBangladesh
75%
CountryCanada
75%
CountryKazakhstan
75%
CountryPoland
75%
CountrySaint Vincent and the Grenadines
75%
CountryTurkmenistan
75%
CountryUzbekistan
75%
CountryAfghanistan
63%
CountryAlbania
63%
CountryAngola
63%
CountryAntigua and Barbuda
63%
CountryBhutan
63%
CountryDominican Republic
63%
CountryFinland
63%
CountryJordan
63%
CountryKyrgyzstan
63%
CountryNew Zealand
63%
CountryPakistan
63%
CountryPanama
63%
CountryRomania
63%
CountrySaint Kitts and Nevis
63%
CountrySwitzerland
63%
CountryTajikistan
63%
CountryAndorra
50%
CountryBosnia and Herzegovina
50%
CountryCentral African Republic
50%
CountryFrance
50%
CountryGuyana
50%
CountryLithuania
50%
CountryMarshall Islands
50%
CountryMauritania
50%
CountryMyanmar
50%
CountryOman
50%
CountryRwanda
50%
CountrySan Marino
50%
CountrySolomon Islands
50%
CountryTanzania
50%
CountryThailand
50%
CountryTrinidad and Tobago
50%
CountryGermany
38%
CountryIran
38%
CountryLebanon
38%
CountryNetherlands
38%
CountrySão Tomé and Príncipe
38%
CountrySouth Sudan
38%
CountrySudan
38%
CountryTaiwan
38%
CountryVanuatu
38%
CountryVatican City
38%
CountryBotswana
25%
CountryUganda
25%
CountrySri Lanka
13%

Score Distribution

Percentile by Number Answered

Percent of People with Each Score

Your Score History

You have not taken this quiz since the last reset